Á lódáil...

Meat handbook /

Sonraí Bibleagrafaíochta
Príomhúdar: Levie, Albert
Teanga:Undetermined
Foilsithe: 1963.
LEADER 00374nam a2200121Ia 4500
008 170722s9999 xx 000 0 und d
999 |c 80380  |d 80380 
084 |2 cc 
100 |a Levie, Albert 
245 |a Meat handbook / 
260 |c 1963. 
942 |c GEN 
952 |0 1  |1 0  |4 0  |6 F_53KZ33_73_000000000000000_K3  |7 0  |9 112669  |a LIB  |b LIB  |d 2017-08-12  |o F53(Kz33).73 K3  |p 135930  |r 2017-08-12  |w 2017-08-12  |y GEN